[Event "ESP-chT Div Honor 2018"]
[Site "Linares"]
[Date "2018.08.09"]
[Round "4"]
[White "Magem Badals, Jordi"]
[Black "Silva Lucena, Cristian"]
[Result "1-0"]
[WhiteElo "2531"]
[BlackElo "2237"]
[TimeControl "40/5400+30:1800+30"]
[Annotator "ChessBase"]
[EventDate "2018.08.06"]
[PlyCount "81"]
[EventType "team-tourn"]
[EventCountry "ESP"]

1. e4 e5 2. Nf3 Nc6 3. Bb5 a6 4. Ba4 g6 5. c3 d6 6. d4 Bd7 7. O-O Bg7 8.
Be3 Nf6 9. Nbd2 O-O 10. h3 Re8 11. Bc2 h6 12. Re1 Nh5 13. Nf1 Qe7 14. Qd2
Kh7 15. Rad1 Rad8 16. Ng3 Nxg3 17. fxg3 Rf8 18. g4 Rb8 19. d5 Nd8 20. c4 f6
21. b4 Nf7 22. c5 Ng5 23. Nh2 Qe8 24. Nf1 Ba4 25. Ng3 Bxc2 26. Qxc2 Qb5 27.
Rb1 Nf7 28. Rec1 Qd7 29. c6 Qc8 30. cxb7 Rxb7 31. Qa4 Qa8 32. Rc6 a5 33. b5
Nd8 34. Ra6 Qxa6 35. bxa6 Rxb1+ 36. Kh2 Rb8 37. h4 h5 38. gxh5 gxh5 39. Qd1
c5 40. Qxh5+ Kg8 41. Nf5 1-0

[Event "ESP-chT Div Honor 2018"]
[Site "Linares"]
[Date "2018.08.09"]
[Round "4"]
[White "Del Rio De Angelis, Salvador G"]
[Black "Ibarra Jerez, Jose Carlos"]
[Result "1-0"]
[WhiteElo "2525"]
[BlackElo "2570"]
[Annotator "TA"]
[EventDate "2018.08.06"]
[PlyCount "63"]
[EventType "team-tourn"]
[EventCountry "ESP"]

1. d4 Nf6 2. c4 e6 3. Nc3 d5 4. Bg5 Be7 5. e3 O-O 6. Nf3 h6 7. Bh4 b6 8.
Qb3 Bb7 9. Bxf6 Bxf6 10. cxd5 exd5 11. Be2 c6 12. O-O Nd7 13. Rfe1 a5 $146
14. Rad1 b5 15. Bd3 b4 16. Na4 c5 17. Nxc5 Nxc5 18. dxc5 Qe7 19. Rc1 Rfc8
20. Qc2 Rc7 $1 21. Nd4 Rac8 $1 22. c6 Ba8 23. Bh7+ Kh8 24. Bf5 $36 Rxc6 $2
25. Nxc6 $18 Rxc6 26. Qa4 $1 Rc4 27. Qxa5 Qb7 28. Bd3 g6 29. Bxc4 dxc4 30.
e4 c3 31. bxc3 bxc3 32. Rxc3 1-0

[Event "ESP-chT Div Honor 2018"]
[Site "Linares"]
[Date "2018.08.09"]
[Round "4"]
[White "Korneev, Oleg"]
[Black "Forcen Esteban, Daniel"]
[Result "1/2-1/2"]
[WhiteElo "2513"]
[BlackElo "2569"]
[Annotator "TA"]
[EventDate "2018.08.06"]
[PlyCount "201"]
[EventType "team-tourn"]
[EventCountry "ESP"]

1. e4 c5 2. c3 Nf6 3. e5 Nd5 4. d4 cxd4 5. Nf3 Nc6 6. cxd4 d6 7. Bc4 dxe5
8. dxe5 Ndb4 9. Qb3 e6 10. O-O a6 11. Bg5 Qc7 12. Nbd2 $146 Nxe5 13. Nxe5
Qxe5 14. Nf3 Qc7 15. Qc3 Nc6 16. Rfe1 Qa5 $1 17. Qc2 Bb4 18. Re4 Bd7 19.
Rd1 $36 Be7 20. Bd2 Qc5 21. Bc3 $16 b5 22. b4 Qh5 23. Be2 $1 $18 Qh6 24.
Ne5 Nxe5 $16 25. Bxe5 Rc8 26. Qb2 f6 27. Bg3 $1 $14 Qg6 28. Qd4 $2 Rd8 29.
Bc7 $11 e5 30. Qe3 Rc8 31. Bxe5 Bf5 $15 32. Rh4 $1 O-O 33. Bh5 Qg5 34. Qxg5
fxg5 35. Rhd4 Rc2 36. Bf3 Be6 37. a3 Rfc8 38. h3 Ra2 39. Re1 Bf8 40. Bd6
Bf7 41. Bxf8 $1 Kxf8 42. Bb7 Rb8 43. Bxa6 Rxa3 44. Bxb5 $1 Rb3 45. Re5 h6
46. f4 Rb1+ 47. Kh2 gxf4 48. Rxf4 g5 49. Rd4 Rb7 50. Rf5 Kg7 $11 51. Rc5
Rb2 52. h4 gxh4 53. Rg4+ Kf6 54. Rxh4 Kg7 55. Rg4+ Kf6 56. Bd3 R2xb4 57.
Rc6+ Ke5 58. Rxb4 Rxb4 59. Rxh6 Be6 60. Rh5+ Kf6 61. Rh6+ Ke5 62. Be2 Rd4
63. Kg3 Rb4 64. Rh5+ Kf6 65. Ra5 Rd4 66. Ra6 Rb4 67. Kf2 Ke5 68. Bf3 Rb2+
69. Kg3 Rb4 70. Ra1 Kf6 71. Rc1 Rd4 72. Re1 Bd5 73. Kf2 Bxf3 74. gxf3 Ra4
75. Kg3 Ra6 76. Kf4 Ra4+ 77. Kg3 Ra6 78. Rh1 Kg6 79. Rb1 Rc6 80. Kf4 Kf6
81. Rb4 Ra6 82. Kg4 Rc6 83. Rf4+ Kg6 84. Ra4 Rb6 85. Ra5 Rb4+ 86. f4 Rb6
87. Rg5+ Kf6 88. Rh5 Kg7 89. Rg5+ Kf6 90. Rh5 Kg7 91. Kg5 Rb5+ 92. f5 Rb6
93. Rh4 Kf7 94. Re4 Ra6 95. Rb4 Rc6 96. Rb7+ Kf8 97. Rh7 Kg8 98. Re7 Kf8
99. Rb7 Ra6 100. f6 Ra1 101. Rb8+ 1/2-1/2

[Event "ESP-chT Div Honor 2018"]
[Site "Linares"]
[Date "2018.08.09"]
[Round "4"]
[White "Moskalenko, Viktor"]
[Black "Moreno Tejera, Emilio"]
[Result "1-0"]
[WhiteElo "2504"]
[BlackElo "2429"]
[Annotator "TA"]
[EventDate "2018.08.06"]
[PlyCount "49"]
[EventType "team-tourn"]
[EventCountry "ESP"]

1. d4 f5 2. c4 Nf6 3. Nc3 d6 4. Bg5 Nbd7 5. Qc2 g6 6. h4 Bg7 7. e3 c6 8.
Nh3 Qa5 9. O-O-O Nf8 10. Be2 Ne6 11. Kb1 Nxg5 $146 12. hxg5 Nd7 13. g4 Nb6
14. Nf4 e5 15. dxe5 dxe5 $2 16. Nh5 $18 gxh5 $2 17. gxf5 Bd7 18. Bxh5+ Kd8
19. f6 Bf8 20. Bg4 Kc7 21. Bxd7 Rd8 22. Be6 Rxd1+ 23. Rxd1 e4 24. Nxe4 Qe5
25. Bg4 1-0

[Event "ESP-chT Div Honor 2018"]
[Site "Linares"]
[Date "2018.08.09"]
[Round "4"]
[White "Paehtz, Elisabeth"]
[Black "Vega Gutierrez, Sabrina"]
[Result "1-0"]
[WhiteElo "2500"]
[BlackElo "2390"]
[Annotator "TA"]
[EventDate "2018.08.06"]
[PlyCount "123"]
[EventType "team-tourn"]
[EventCountry "ESP"]

1. e4 c5 2. Nf3 Nc6 3. Nc3 Nf6 4. Bb5 g6 5. Bxc6 dxc6 6. h3 Bg7 7. d3 Nd7
8. Be3 e5 9. Qd2 Qe7 10. Bh6 Bxh6 11. Qxh6 f6 12. Nd2 Nf8 13. Ne2 Ne6 14.
O-O-O Qf8 $146 15. Qe3 Nd4 16. f4 Qh6 17. Rdf1 Be6 18. Kb1 O-O-O 19. Nc1 b6
20. c3 Nb5 $1 $11 21. Rf3 exf4 22. Qxf4 Qxf4 23. Rxf4 f5 24. Rhf1 fxe4 25.
Nxe4 Bf5 26. g4 Bxe4 27. Rxe4 Nd6 28. Re7 Rd7 29. Re6 Re8 30. Rxe8+ Nxe8
31. Kc2 Re7 32. Kd2 Kd7 33. Ne2 Nd6 34. b3 Nf7 35. Ng3 Nd6 36. Rf4 Rf7 37.
Ke3 Re7+ 38. Kd2 Rf7 39. Ke3 Re7+ 40. Ne4 Nxe4 41. dxe4 Ke6 $1 42. Rf8 c4
43. bxc4 $16 Ke5 44. h4 $18 c5 45. h5 gxh5 46. Rf5+ Ke6 47. Rxh5 Rf7 48. a4
Rg7 $2 49. Kf4 Rf7+ 50. Rf5 $1 Rd7 51. Re5+ Kf6 52. Rd5 Rg7 53. Rd6+ Ke7
54. Rh6 Rf7+ 55. Ke5 Rg7 56. Kd5 Kd7 57. e5 Ke7 58. a5 $1 bxa5 59. Ra6 Ke8
60. Rxa5 Rxg4 61. Rxa7 Rg6 62. Rxh7 1-0

[Event "ESP-chT Div Honor 2018"]
[Site "Linares"]
[Date "2018.08.09"]
[Round "4"]
[White "Cornette, Deimante"]
[Black "Osmak, Iulija"]
[Result "1-0"]
[WhiteElo "2463"]
[BlackElo "2410"]
[TimeControl "40/5400+30:1800+30"]
[Annotator "ChessBase"]
[EventDate "2018.08.06"]
[PlyCount "61"]
[EventType "team-tourn"]
[EventCountry "ESP"]

1. e4 e6 2. d4 d5 3. Nc3 Nf6 4. Bg5 Bb4 5. e5 h6 6. Bc1 Nfd7 7. Qg4 Bf8 8.
Nf3 b6 9. Bd3 Ba6 10. Nb5 Nc6 11. c3 Ndb8 12. O-O Qd7 13. a4 Na5 14. Rd1 g6
15. Bf4 Be7 16. b4 Nc4 17. Bxc4 dxc4 18. d5 Bxb5 19. dxe6 Qxe6 20. Qxe6
fxe6 21. axb5 g5 22. Be3 Nd7 23. Rd4 O-O-O 24. Rxa7 g4 25. Rxc4 c5 26. Nd4
Nxe5 27. Bf4 Rd5 28. Bxe5 Rxe5 29. f4 gxf3 30. Nxf3 Bd6 31. Ra8+ 1-0

[Event "ESP-chT Div Honor 2018"]
[Site "Linares"]
[Date "2018.08.09"]
[Round "4"]
[White "Ramiro Ovejero, Juan Luis"]
[Black "Cuenca Jimenez, Jose Fernando"]
[Result "1/2-1/2"]
[WhiteElo "2382"]
[BlackElo "2506"]
[Annotator "TA"]
[EventDate "2018.08.06"]
[PlyCount "102"]
[EventType "team-tourn"]
[EventCountry "ESP"]

1. e4 e5 2. Nf3 Nc6 3. Bc4 Bc5 4. d3 Nf6 5. Nc3 h6 6. Ne2 O-O 7. Ng3 d6 8.
c3 a6 9. Bb3 Ba7 10. O-O Re8 11. Re1 Be6 12. Bxe6 Rxe6 13. d4 d5 14. exd5
$146 Qxd5 15. dxe5 Qxd1 16. Rxd1 Ng4 17. Nd4 Rd8 18. Be3 Nxe3 19. fxe3 Rxe5
20. Nxc6 $1 Rxd1+ 21. Rxd1 Bxe3+ 22. Kf1 bxc6 $11 23. Rd8+ $1 Kh7 24. Rd7
Kg6 25. Rxc7 Re6 26. Ne2 c5 27. b4 cxb4 28. cxb4 f6 29. Rc4 Rd6 30. Ke1 h5
31. Rc2 h4 32. h3 Kf5 33. Nc3 g5 34. Ke2 Bd4 35. a4 Ke5 36. b5 f5 37. Nb1
axb5 38. axb5 g4 39. Nd2 Kd5 40. Rc6 Rd8 41. hxg4 fxg4 42. Rg6 Re8+ 43. Kd1
$132 h3 44. gxh3 gxh3 45. Rh6 Rh8 46. Rxh8 Bxh8 47. Nf3 Bd4 48. Ke2 Kc5 49.
Kf1 Be3 50. Ng5 $1 Bxg5 $19 51. Kg1 Kxb5 $2 1/2-1/2

[Event "ESP-chT Div Honor 2018"]
[Site "Linares"]
[Date "2018.08.09"]
[Round "4"]
[White "Assaubayeva, Bibisara"]
[Black "Matnadze, Ana"]
[Result "1-0"]
[WhiteElo "2346"]
[BlackElo "2378"]
[TimeControl "40/5400+30:1800+30"]
[Annotator "NA"]
[EventDate "2018.08.06"]
[PlyCount "103"]
[EventType "team-tourn"]
[EventCountry "ESP"]

1. d4 Nf6 2. c4 e6 3. Nf3 b6 4. g3 Bb7 5. Bg2 Be7 6. O-O O-O 7. Nc3 Ne4 8.
Bd2 f5 9. Ne5 Nxc3 10. Bxc3 Bxg2 11. Kxg2 Bf6 12. Qd3 d6 13. Qf3 Nd7 14.
Nc6 Qe8 15. e4 fxe4 16. Qxe4 Qf7 17. Rae1 Rae8 18. f4 a5 19. Rf3 g6 20. Qe2
Nb8 21. Nxb8 Rxb8 22. Re3 d5 23. Rxe6 c5 24. cxd5 cxd4 25. Bd2 Rbc8 26. Qe4
Qb7 27. f5 gxf5 28. Qxf5 Bg7 29. Qe4 Rc5 30. Rd6 Qf7 31. Bf4 Rfc8 32. Re2
Qh5 33. Qe6+ Kh8 34. Rc6 Rf8 35. Rxc5 bxc5 36. g4 Qh4 37. Bd6 Rg8 38. Be7
Qh6 39. Qxh6 Bxh6 40. d6 d3 41. Re1 Bf8 42. Bxf8 Rxf8 43. d7 d2 44. Rd1 Kg7
45. Rxd2 Rd8 46. Kf3 Kf6 47. Kf4 a4 48. a3 Ke6 49. Kg5 c4 50. Kh6 Ke5 51.
g5 Kf5 52. Kxh7 1-0

[Event "ESP-chT Div Honor 2018"]
[Site "Linares"]
[Date "2018.08.09"]
[Round "4"]
[White "Alshameary Puente, Ismael"]
[Black "Muzychuk, Anna"]
[Result "1-0"]
[WhiteElo "2343"]
[BlackElo "2564"]
[TimeControl "40/5400+30:1800+30"]
[Annotator "ChessBase"]
[EventDate "2018.08.06"]
[PlyCount "75"]
[EventType "team-tourn"]
[EventCountry "ESP"]

1. d4 e6 2. c4 b6 3. e4 Bb4+ 4. Bd2 Bxd2+ 5. Nxd2 d5 6. Ngf3 dxe4 7. Nxe4
Bb7 8. Bd3 Nf6 9. Qe2 Nbd7 10. O-O O-O 11. Rfd1 Qe7 12. Rab1 a5 13. Rbc1
Rfd8 14. Nc3 Rac8 15. Bc2 Qb4 16. Nb5 g6 17. a3 Qf8 18. h3 Qh6 19. Na7 Ra8
20. Nb5 Rac8 21. b4 axb4 22. axb4 Qf4 23. Qd2 Nh5 24. Ne1 Qxd2 25. Rxd2 Ne5
26. Bd1 c6 27. Na3 c5 28. bxc5 Rxc5 29. Bxh5 gxh5 30. dxc5 Rxd2 31. cxb6
Rb2 32. c5 Rb3 33. Nb1 Bc6 34. Nd2 Rb2 35. Ndf3 Bxf3 36. Nxf3 Nc6 37. Rd1
Rb5 38. Nd4 1-0

[Event "ESP-chT Div Honor 2018"]
[Site "Linares"]
[Date "2018.08.09"]
[Round "4"]
[White "Gines Esteo, Pedro Antonio"]
[Black "Suarez Garcia, Carlos"]
[Result "0-1"]
[WhiteElo "2336"]
[BlackElo "2468"]
[Annotator "TA"]
[EventDate "2018.08.06"]
[PlyCount "87"]
[EventType "team-tourn"]
[EventCountry "ESP"]

1. d4 d5 2. Nf3 c6 3. e3 Bg4 4. c4 e6 5. Nc3 Nd7 6. Qb3 Qb6 7. Qxb6 axb6 8.
h3 $146 Bh5 9. g4 Bg6 10. Nh4 Be7 11. Nxg6 hxg6 12. Bd2 Ngf6 13. cxd5 exd5
14. g5 Ne4 15. Nxe4 dxe4 16. Rg1 Rh5 17. Rg4 Rxg5 18. Rxe4 Nf6 $36 19. Re5
Rxe5 20. dxe5 Nd7 21. Bc3 Nc5 22. b3 Ne4 $17 23. Bd4 Bb4+ $1 24. Ke2 Bc3
25. Bxc3 Nxc3+ 26. Kd3 Nxa2 27. Kc4 Ra5 28. h4 Rc5+ 29. Kd4 Rd5+ 30. Ke4
Rd2 31. f4 Ke7 32. Bh3 b5 33. Bc8 b6 34. Rg1 c5 $1 $19 35. h5 $2 c4 $1 36.
bxc4 bxc4 37. hxg6 c3 $1 38. f5 c2 39. f6+ gxf6 40. g7 Rd8 41. Bf5 Rg8 42.
Rf1 fxe5 43. Kxe5 c1=Q 44. Kd4 0-1

[Event "ESP-chT Div Honor 2018"]
[Site "Linares"]
[Date "2018.08.09"]
[Round "4"]
[White "Collazo Hidalgo-Gato, Niala"]
[Black "Ubilava, Elizbar"]
[Result "0-1"]
[WhiteElo "2199"]
[BlackElo "2485"]
[TimeControl "40/5400+30:1800+30"]
[Annotator "ChessBase"]
[EventDate "2018.08.06"]
[PlyCount "86"]
[EventType "team-tourn"]
[EventCountry "ESP"]

1. e4 c5 2. Nf3 d6 3. d4 cxd4 4. Nxd4 Nf6 5. Nc3 a6 6. h3 e5 7. Nde2 h5 8.
Bg5 Be7 9. Bxf6 Bxf6 10. Nd5 Bg5 11. a4 Nc6 12. Nec3 g6 13. Bd3 O-O 14. O-O
Be6 15. Kh2 Rc8 16. Ra3 Ne7 17. Rb3 Bxd5 18. exd5 Rc7 19. Ne4 Bh6 20. Nf6+
Kg7 21. Qf3 Nc8 22. Nxh5+ gxh5 23. Qf5 Rh8 24. Be2 Ne7 25. Qd3 Ng6 26. g3
h4 27. Bg4 Qe8 28. Qe4 b5 29. axb5 axb5 30. Rg1 Rc4 31. Qe2 Rd4 32. Rd3
Rxd3 33. Qxd3 hxg3+ 34. fxg3 e4 35. Qa3 Ne5 36. Be2 Qd7 37. Rf1 b4 38. Qb3
Bd2 39. g4 Qe7 40. Qg3 Rh6 41. Qg2 Ng6 42. g5 Qxg5 43. Bg4 Ne5 0-1

[Event "ESP-chT Div Honor 2018"]
[Site "Linares"]
[Date "2018.08.10"]
[Round "5"]
[White "Navara, David"]
[Black "Kryvoruchko, Yuriy"]
[Result "1-0"]
[WhiteElo "2741"]
[BlackElo "2711"]
[Annotator "TA"]
[EventDate "2018.08.06"]
[PlyCount "177"]
[EventType "team-tourn"]
[EventCountry "ESP"]

1. d4 Nf6 2. c4 e6 3. Nc3 Bb4 4. Nf3 b6 5. e3 Bb7 6. Bd3 O-O 7. O-O d5 8.
cxd5 exd5 9. Ne5 Nbd7 10. f4 c5 11. Ne2 c4 12. Bc2 Ne8 13. Rf3 $146 Ndf6
14. Nc3 Bc8 15. Nc6 Qd6 16. Nxb4 Qxb4 17. h3 Bb7 18. Bd2 Qe7 19. Be1 Qd7
20. f5 b5 21. Bg3 Bc6 22. Be5 Ne4 23. f6 $1 $14 gxf6 24. Bf4 Kh8 25. Bxe4
$1 dxe4 26. Rg3 b4 27. Ne2 Ng7 28. Bh6 Nf5 29. Bxf8 Rxf8 30. Qf1 Qe6 31.
Rc1 Bb5 $11 32. Qf2 c3 $1 $36 33. Rg4 $1 Nh6 34. Rh4 $1 $16 Nf5 35. Rg4 Nh6
36. Rh4 Nf5 $1 37. d5 Qxd5 38. Rh5 cxb2 39. Rb1 $1 $18 Bxe2 40. Qxf5 Qxf5
41. Rxf5 Bd3 42. Rxb2 Kg7 43. Ra5 a6 44. Ra4 Rc8 45. Raxb4 Rc1+ 46. Kf2
Rf1+ 47. Kg3 Re1 48. Rb6 f5 49. Kf4 $1 Rf1+ 50. Ke5 f4 51. Kd4 fxe3 52.
Kxe3 Re1+ 53. Kd4 Bb5 54. Rb3 Bd3 55. Rb2 Bb5 $1 56. a4 $1 Bd3 57. Ra2 Rd1
58. Rbb2 Kg6 59. Rf2 Kg7 60. a5 Rc1 61. Rf5 Rc4+ 62. Ke3 Rb4 63. Raf2 Rb7
64. R2f4 Bb1 65. Rf6 Bd3 66. Rb6 Rc7 67. Rg4+ Kf8 68. Rh6 Rc5 69. Rxh7 Rxa5
70. Rf4 Bc4 71. Rxe4 Be6 72. Rh6 Ra2 73. g3 Bf5 74. Re5 Bg6 75. Rh8+ Kg7
76. Rd8 Kf6 77. Red5 Bf5 78. g4 Be6 79. Rd2 Ra1 80. Rd1 Ra2 81. R8d2 Ra3+
82. Rd3 Ra2 83. Kf4 a5 84. Re3 a4 85. Rd6 Ke7 86. Ra6 Kd7 87. h4 Bb3 88. h5
Rh2 89. Kg5 1-0

[Event "ESP-chT Div Honor 2018"]
[Site "Linares"]
[Date "2018.08.10"]
[Round "5"]
[White "Navara, David"]
[Black "Kryvoruchko, Yuriy"]
[Result "*"]
[WhiteElo "2741"]
[BlackElo "2711"]
[Annotator "TA"]
[EventDate "2018.08.06"]
[PlyCount "36"]
[EventType "team-tourn"]
[EventCountry "ESP"]

1. d4 Nf6 2. c4 e6 3. Nc3 Bb4 4. Nf3 b6 5. e3 Bb7 6. Bd3 O-O 7. O-O d5 8.
cxd5 exd5 9. Ne5 Nbd7 10. f4 c5 11. Ne2 c4 12. Bc2 Ne8 13. b3 $146 cxb3 14.
axb3 a5 15. Ng3 g6 16. Bd3 Nd6 17. Qg4 f5 18. Qe2 Qe7 *

[Event "ESP-chT Div Honor 2018"]
[Site "Linares"]
[Date "2018.08.10"]
[Round "5"]
[White "Saric, Ivan"]
[Black "Ponomariov, Ruslan"]
[Result "1/2-1/2"]
[WhiteElo "2690"]
[BlackElo "2686"]
[Annotator "TA"]
[EventDate "2018.08.06"]
[PlyCount "63"]
[EventType "team-tourn"]
[EventCountry "ESP"]

1. e4 e5 2. Nf3 Nc6 3. Bb5 Nf6 4. d3 Bd6 5. Nbd2 a6 6. Ba4 b5 7. Bb3 O-O 8.
Nf1 Na5 9. Ng3 Re8 10. O-O Bf8 $146 11. d4 Nxb3 12. axb3 Bb7 13. Bg5 Be7
14. Re1 h6 15. Bxf6 Bxf6 16. dxe5 Bxe5 17. Nxe5 Rxe5 18. Qd4 d6 19. f4 Re6
20. Rad1 Qh4 21. Qc3 Qxf4 22. Rf1 Qg5 23. Qxc7 Re7 24. Qxd6 Bxe4 25. Rde1
Rae8 26. Rxe4 Rxe4 27. Nxe4 Rxe4 28. Qxa6 $11 Re2 29. Qc8+ $1 Kh7 30. Qf5+
Qxf5 31. Rxf5 Rxc2 32. Rxb5 1/2-1/2

[Event "ESP-chT Div Honor 2018"]
[Site "Linares"]
[Date "2018.08.10"]
[Round "5"]
[White "Adhiban, B."]
[Black "Antipov, Mikhail Al"]
[Result "0-1"]
[WhiteElo "2671"]
[BlackElo "2598"]
[Annotator "TA"]
[EventDate "2018.08.06"]
[PlyCount "92"]
[EventType "team-tourn"]
[EventCountry "ESP"]

1. d4 Nf6 2. c4 c6 3. Nc3 d5 4. e3 a6 5. Nf3 Bf5 6. cxd5 cxd5 7. Ne5 Nc6 8.
Be2 Rc8 9. Qb3 $146 Rc7 10. Bd2 e6 $11 11. f4 Ne4 12. Nxe4 Bxe4 13. O-O
Nxe5 14. fxe5 Bc2 15. Qb6 Qd7 $1 16. Rac1 Be7 17. Bc3 Rc6 18. Qa5 Be4 19.
Bb4 Bg5 20. Qa3 f5 21. Bd2 Be7 22. Bb4 Bg5 23. Bd2 Be7 24. Bb4 Bxb4 25.
Qxb4 Kf7 26. Rc5 Rhc8 27. Rfc1 Qe7 28. g3 b6 29. Rxc6 Qxb4 30. Rxc8 Kg6 $1
31. Kf2 Qxb2 32. R1c3 $2 b5 $1 $19 33. Ke1 h6 34. R3c7 Qa1+ 35. Kf2 $2 Kh7
$2 $40 36. Re8 $2 Qh1 37. Ree7 Qxh2+ 38. Ke1 Qxg3+ 39. Kd1 b4 40. Ra7 a5
41. Kd2 a4 $1 42. Rxg7+ Qxg7 43. Rxg7+ Kxg7 44. Bh5 a3 45. Kc1 Bd3 46. Be8
Be2 0-1

[Event "ESP-chT Div Honor 2018"]
[Site "Linares"]
[Date "2018.08.10"]
[Round "5"]
[White "Jones, Gawain C B"]
[Black "Volkov, Sergey"]
[Result "1/2-1/2"]
[WhiteElo "2666"]
[BlackElo "2557"]
[Annotator "TA"]
[EventDate "2018.08.06"]
[PlyCount "171"]
[EventType "team-tourn"]
[EventCountry "ESP"]

1. e4 e6 2. d4 d5 3. Nd2 Nf6 4. e5 Nfd7 5. Bd3 c5 6. c3 Nc6 7. Ne2 cxd4 8.
cxd4 f6 9. exf6 Nxf6 10. O-O Bd6 11. Nf3 O-O 12. Bf4 Bxf4 13. Nxf4 Ng4 14.
Qd2 Qf6 15. Ne2 e5 16. dxe5 Ngxe5 17. Nxe5 Qxe5 18. Rae1 Be6 19. Bb5 $146
Qd6 20. Nd4 Bd7 21. Nb3 Rad8 22. Bxc6 bxc6 23. Qd4 Rf4 24. Qxa7 Rh4 25. g3
Rc4 26. Re2 c5 27. Rfe1 d4 28. Na5 Ra4 29. b3 Ra3 $1 30. Nb7 Rxa7 31. Nxd6
Bc6 32. Nc4 Bb5 33. Rc1 $1 Rda8 34. a4 Bxc4 35. Rxc4 $16 Rb8 36. Rb2 Rab7
37. Rxc5 Rxb3 38. Rd2 d3 39. Rd5 Ra8 40. Ra2 Kf7 41. Kg2 Ke6 42. Rd4 Ra5
43. Ra1 h5 44. Kf1 g5 45. Rd8 Ke7 $11 46. Rd4 Ke6 $14 47. h3 Ke5 48. Rd8
Kf5 49. Re1 Rxa4 50. Rf8+ Kg6 51. Re6+ Kg7 52. Rd8 Ra7 53. Re5 Kf6 54. Red5
Rf7 55. Rg8 g4 56. hxg4 Ke6 $1 57. Rgg5 hxg4 58. Rge5+ Kf6 59. Re4 Rg7 60.
Kg2 Ra3 61. Red4 Ke6 62. Rd6+ Ke5 63. R4d5+ Ke4 64. Rd8 Rg8 65. Rd4+ Ke5
66. R8d5+ Ke6 67. Rxd3 Rxd3 68. Rxd3 $11 Kf5 69. Rd5+ Kg6 70. Rd4 Kg5 71.
Kf1 Re8 72. Rd5+ Kg6 73. Ra5 Kf6 74. Ra6+ Kf5 75. Ra2 Re7 76. Re2 Rxe2 77.
Kxe2 Ke6 78. Kd2 $1 Kd6 $1 79. Kc2 Ke6 80. Kd1 Kd5 81. Ke1 Ke5 $1 82. Kf1
Kf5 83. Kg1 Kg5 84. Kg2 Kg6 85. f3 gxf3+ 86. Kxf3 1/2-1/2

[Event "ESP-chT Div Honor 2018"]
[Site "Linares"]
[Date "2018.08.10"]
[Round "5"]
[White "Anton Guijarro, David"]
[Black "Korneev, Oleg"]
[Result "1/2-1/2"]
[WhiteElo "2652"]
[BlackElo "2513"]
[Annotator "TA"]
[EventDate "2018.08.06"]
[PlyCount "92"]
[EventType "team-tourn"]
[EventCountry "ESP"]

1. d4 d5 2. c4 e6 3. Nf3 Nf6 4. Nc3 Be7 5. Bg5 h6 6. Bxf6 Bxf6 7. e3 O-O 8.
Rc1 c6 9. Bd3 Nd7 10. O-O dxc4 11. Bxc4 e5 12. h3 exd4 13. exd4 Nb6 14. Bb3
Re8 15. Re1 Bf5 16. g4 Bg6 17. Rxe8+ Qxe8 18. Qd2 Qd7 19. Re1 $146 a5 20.
a3 a4 21. Ba2 Rd8 22. Qf4 Qd6 23. Qxd6 Rxd6 24. Re8+ $1 Kh7 25. Rb8 Rd7 $11
26. Kg2 Bc2 27. h4 g5 28. hxg5 hxg5 29. Ne2 Nd5 30. Ne5 Bxe5 31. dxe5 Bd1
32. Bxd5 Bxe2 33. e6 fxe6 34. Bxe6 Re7 35. Bf5+ Kg7 36. Rd8 Bc4 37. Kg3 Bf7
38. Rd7 Rxd7 39. Bxd7 Kf6 40. f4 Bd5 41. fxg5+ Kxg5 42. Kf2 Kf4 43. Bc8 c5
44. Ke2 Bc4+ 45. Kd2 b5 46. Bd7 Ke5 1/2-1/2

[Event "ESP-chT Div Honor 2018"]
[Site "Linares"]
[Date "2018.08.10"]
[Round "5"]
[White "Kuzubov, Yuriy"]
[Black "Leko, Peter"]
[Result "1/2-1/2"]
[WhiteElo "2647"]
[BlackElo "2691"]
[Annotator "TA"]
[EventDate "2018.08.06"]
[PlyCount "89"]
[EventType "team-tourn"]
[EventCountry "ESP"]

1. e4 e5 2. Nf3 Nc6 3. Bb5 Nf6 4. O-O Nxe4 5. Re1 Nd6 6. Nxe5 Be7 7. Bf1
Nf5 8. c3 Nxe5 9. Rxe5 d6 10. Re1 O-O 11. d4 d5 12. Nd2 c6 13. Nf3 Nd6 14.
Ne5 Bf5 15. a4 $146 a5 16. Qb3 Re8 17. Bf4 Bg5 18. Bxg5 Qxg5 19. Re3 Qd8
20. Rae1 Qc7 21. h3 Re7 22. Nf3 Be4 23. Nd2 Rae8 24. Nxe4 dxe4 25. g4 h5
26. c4 c5 27. dxc5 Qxc5 28. Rd1 Re5 29. Qa3 $1 Nxc4 30. Qxc5 $1 Rxc5 31.
Rc1 Nxe3 32. Rxc5 Nxf1 33. Kxf1 hxg4 34. hxg4 $11 b6 35. Rb5 Re6 36. Ke2
Kh7 37. b4 axb4 38. Rxb4 Kh6 39. Rb5 g6 40. Ke3 f6 41. f3 exf3+ 42. Kxf3
Rc6 43. a5 bxa5 44. Rxa5 Rc3+ 45. Ke4 $2 1/2-1/2

[Event "ESP-chT Div Honor 2018"]
[Site "Linares"]
[Date "2018.08.10"]
[Round "5"]
[White "Meier, Georg"]
[Black "Baklan, Vladimir"]
[Result "1/2-1/2"]
[WhiteElo "2638"]
[BlackElo "2596"]
[Annotator "TA"]
[EventDate "2018.08.06"]
[PlyCount "111"]
[EventType "team-tourn"]
[EventCountry "ESP"]

1. Nf3 Nf6 2. g3 g6 3. Bg2 Bg7 4. O-O O-O 5. d4 d6 6. b3 c5 7. Bb2 cxd4 8.
Nxd4 d5 9. c4 e5 10. Nf3 e4 11. Nd4 dxc4 12. Na3 cxb3 13. axb3 $146 Nc6 14.
Nxc6 bxc6 15. Nc4 Qxd1 16. Rfxd1 Be6 17. Na5 c5 18. Rdc1 Rab8 19. Rxc5 Nd7
20. Rc2 Bxb2 21. Rxb2 f5 22. Nc6 Rxb3 23. Rxb3 Bxb3 24. Rxa7 Nf6 25. e3 Rf7
26. Ra8+ Kg7 27. Nd4 Bd5 28. Ra5 Rb7 29. Bf1 h5 30. Bb5 Rc7 31. Kg2 Bf7 32.
h3 Re7 33. Be2 Rc7 34. Bb5 Re7 35. Bc6 Rc7 36. Ra8 Re7 37. Ra6 Bc4 38. Ra5
Rc7 39. Ra4 Bf7 40. Ra1 Kf8 41. Kf1 Re7 42. Ke1 Re5 43. Ra8+ Kg7 44. Ra7
Kf8 45. Kd2 Rc5 46. Bd7 Rd5 47. Bc8 Rd8 48. Bb7 Rd7 49. Ra8+ Kg7 50. Ba6
Nd5 51. Bb5 Rc7 52. Ra1 Nf6 53. Bc6 Ng8 54. Ra6 Ne7 55. Bb5 Nd5 56. Ra1
1/2-1/2

[Event "ESP-chT Div Honor 2018"]
[Site "Linares"]
[Date "2018.08.10"]
[Round "5"]
[White "Perez Candelario, Manuel"]
[Black "Shirov, Alexei"]
[Result "1/2-1/2"]
[WhiteElo "2611"]
[BlackElo "2631"]
[Annotator "TA"]
[EventDate "2018.08.06"]
[PlyCount "90"]
[EventType "team-tourn"]
[EventCountry "ESP"]

1. e4 e5 2. Nf3 Nf6 3. Nxe5 d6 4. Nf3 Nxe4 5. Nc3 Nxc3 6. dxc3 Be7 7. Be3
O-O 8. Bd3 Nc6 9. Qe2 Re8 10. O-O-O Bg4 11. h3 Bxf3 12. Qxf3 Bg5 $1 13.
Rhe1 $146 Bxe3+ 14. Rxe3 Rxe3 15. Qxe3 Qe7 16. Re1 Qxe3+ 17. Rxe3 $11 Kf8
18. Kd2 Ne5 19. Be2 g5 20. Rg3 h6 21. h4 f6 22. hxg5 fxg5 23. Rh3 Kg7 24.
Rh1 Rf8 25. Ke3 Re8 26. Kd2 Nd7 27. b4 Nf6 28. f3 c5 29. Bd3 Re7 30. a4 b6
31. Ra1 Nd5 32. Rb1 h5 33. a5 h4 34. bxc5 dxc5 35. c4 Nf4 36. axb6 axb6 37.
Rxb6 Re5 38. Bf1 Kf7 39. Rc6 Ke7 40. Ra6 Re6 41. Ra5 Kd6 42. Ra8 Kc7 43.
Rf8 Re5 44. Rf6 Kd7 45. Ra6 Re6 1/2-1/2